| 000 | 00608nam a2200193Ia 4500 | ||
|---|---|---|---|
| 008 | 151121s9999||||xx |||||||||||||| ||und|| | ||
| 082 | _a813/वाईक | ||
| 082 | _bHNW-70146 | ||
| 100 | _aवाईकर गजानन | ||
| 245 | _aन्यायमूर्ती | ||
| 260 | _b"सूर्याक्षरविविधा, पुणे।" | ||
| 260 | _c-- | ||
| 300 | _a92 | ||
| 600 | _aवाईकर गजानन | ||
| 630 | _aन्यायमूर्ती | ||
| 700 | _aवाईकर गजानन | ||
| 730 | _aन्यायमूर्ती | ||
| 942 | _cBOOK | ||
| 999 |
_c1251621 _d1251618 |
||